Concise explanation of the Tax equity and Fiscal Responsibility Act of 1982. (Revenue Provivions) as approved by Congress on August 19 1982

Bibliographic Details
Format: Book
Published: Englewood Cliff, NJ : Prentice Hall , 1982
Subjects:

MARC

LEADER 00000cam a2200000 7i4500
001 0000003992
005 20220328.0
020 |a 0876240988 
040 |a INS 
090 0 0 |a KF6289.   |b A76 1982 
245 0 0 |a Concise explanation of the Tax equity and Fiscal Responsibility Act of 1982. (Revenue Provivions) as approved by Congress on August 19 1982 
260 |a Englewood Cliff, NJ :   |b Prentice Hall ,   |c 1982 
300 |a 92p ;   |c 23cm. 
500 |a Includes index 
650 0 0 |a Taxation   |x Law 
999 |a 0000001746   |b BOOK   |c Open Shelf   |e Default branch